Estatísticas para Estados do Brasil

Clique aqui para jogar o quiz

Estatísticas Gerais

  • Esse quiz foi jogado 18 952 vezes
  • A pontuação média é 25 de 27

Respostas no mapa

Respostas codificadas por cores de uma escala verde-vermelha no mapa do quiz de acordo com a % correta abaixo.
Carregando ...
 

Estatísticas das Respostas

Estado% Correto
São Paulo
99%
Rio de Janeiro
99%
Amazonas
97%
Pará
96%
Rio Grande do Sul
96%
Minas Gerais
95%
Acre
95%
Bahia
95%
Mato Grosso
94%
Santa Catarina
93%
Mato Grosso do Sul
92%
Distrito Federal
92%
Paraná
92%
Rio Grande do Norte
92%
Espírito Santo
91%
Goiás
91%
Amapá
90%
Roraima
90%
Rondônia
89%
Pernambuco
89%
Sergipe
87%
Tocantins
87%
Ceará
87%
Alagoas
85%
Maranhão
83%
Piauí
83%
Paraíba
81%

Distribuição das Pontuações

Percentil de Números Respondidos

Porcentagem de Pessoas com Cada Pontuação

Sua Pontuação Histórica

Você não jogou esse quiz